[Event "BCF-chT4S 1617 (4NCL)"]
[Site "England"]
[Date "2016.11.26"]
[Round "1.14"]
[White "Ho, Marco"]
[Black "Dickinson, Timothy R"]
[Result "0-1"]
[WhiteElo "1997"]
[BlackElo "2072"]
[PlyCount "92"]
[EventDate "2016.11.26"]
[EventType "team-swiss"]
[EventRounds "11"]
[EventCountry "ENG"]
[SourceTitle "EXT 2019"]
[Source "ChessBase"]
[SourceDate "2018.10.10"]
[SourceVersion "1"]
[SourceVersionDate "2018.10.10"]
[SourceQuality "1"]
[WhiteTeam "Throw in the Tal"]
[BlackTeam "Oxford II"]
[WhiteTeamCountry "ENG"]
[BlackTeamCountry "ENG"]

1. d4 Nf6 2. c4 e6 3. Nf3 d5 4. Nc3 Bb4 5. Bg5 h6 6. Bxf6 Qxf6 7. e3 0-0 8. Rc1 b6 9. a3 Bxc3+ 10. Rxc3 c6 11. Be2 Nd7 12. 0-0 Bb7 13. cxd5 exd5 14. Qa4 Qd6 15. Bd3 a6 16. Bf5 Nf6 17. Ne5 c5 18. Rfc1 b5 19. Qd1 c4 20. b4 Bc8 21. Qf3 Bxf5 22. Qxf5 a5 23. bxa5 Rxa5 24. Rb1 Rxa3 25. Rxa3 Qxa3 26. Nc6 Qd6 27. Nb4 Ra8 28. g3 Ra4 29. Qc8+ Kh7 30. Qc5 Qxc5 31. dxc5 Rxb4 32. Rxb4 c3 33. Rb1 b4 34. c6 c2 35. Rc1 b3 36. c7 b2 37. c8Q bxc1Q+ 38. Kg2 g6 39. Qc7 Kg7 40. h3 Qd2 41. Qd6 c1Q 42. h4 Qcb2 43. Qf4 Ne4 44. Qxe4 dxe4 45. Kh3 Qxf2 46. Kg4 Qf5# 0-1